The regulation of the security markets / (Record no. 4278)
[ view plain ]
| 000 -LEADER | |
|---|---|
| fixed length control field | 01106cam a22003017a 4500 |
| 001 - CONTROL NUMBER | |
| control field | 4278 |
| 003 - CONTROL NUMBER IDENTIFIER | |
| rucl marc code | BD-RjUL |
| 005 - DATE AND TIME OF LATEST TRANSACTION | |
| control field | 20211208233850.0 |
| 008 - FIXED-LENGTH DATA ELEMENTS--GENERAL INFORMATION | |
| fixed length control field | 131222s19881946dcu a 001 0 eng |
| 035 ## - SYSTEM CONTROL NUMBER | |
| System control number | (BD-RjUL)4313 |
| 040 ## - CATALOGING SOURCE | |
| Original cataloging agency | DLC |
| Transcribing agency | DLC |
| Modifying agency | DLC |
| -- | BD-RjUL |
| Language of cataloging | eng |
| 041 ## - LANGUAGE CODE | |
| Language code of text/sound track or separate title | eng |
| 082 ## - DEWEY DECIMAL CLASSIFICATION NUMBER | |
| Classification number | 332.62 |
| Author mark and year | ATR 1946 |
| 100 1# - MAIN ENTRY--PERSONAL NAME | |
| Personal name | Atkins, Willard E. |
| Fuller form of name | (Willard Earl), |
| Dates associated with a name | 1889-1971. |
| 9 (RLIN) | 13549 |
| 245 14 - TITLE STATEMENT | |
| Title | The regulation of the security markets / |
| Statement of responsibility, etc. | Willard E. Atkins, George W. Edwards, Harold G. Moulton. |
| 260 ## - PUBLICATION, DISTRIBUTION, ETC. (IMPRINT) | |
| Place of publication, distribution, etc. | Washington, D.C. : |
| Name of publisher, distributor, etc. | Brookings Institution, |
| Date of publication, distribution, etc. | c1946. |
| 300 ## - PHYSICAL DESCRIPTION | |
| Pagination | vi, 126 p. ; |
| Size | 21 cm. |
| 500 ## - GENERAL NOTE | |
| General note | Call number of original: HG4910.A8. |
| General note | Master microform held by: DLC. |
| 504 ## - BIBLIOGRAPHY, ETC. NOTE | |
| Bibliography, etc | Includes index. |
| 650 ## - SUBJECT ADDED ENTRY--TOPICAL TERM | |
| Topical term or geographic name as entry element | Securities |
| Geographic subdivision | United States. |
| 9 (RLIN) | 11741 |
| 700 1# - ADDED ENTRY--PERSONAL NAME | |
| Personal name | Edwards, George W. |
| Fuller form of name | (George William), |
| Dates associated with a name | 1891-1954. |
| Personal name | Moulton, Harold Glenn, |
| Dates associated with a name | 1883-1965. |
| 856 ## - ELECTRONIC LOCATION AND ACCESS | |
| Uniform Resource Identifier | <a href="http://www.worldcat.org/title/regulation-of-the-security-markets/oclc/9756507&referer=brief_results">http://www.worldcat.org/title/regulation-of-the-security-markets/oclc/9756507&referer=brief_results</a> |
| 942 ## - ADDED ENTRY ELEMENTS (KOHA) | |
| Source of classification or shelving scheme | Dewey Decimal Classification |
| Koha item type | Books |
| Lost status | Source of classification or shelving scheme | Damaged status | Not for loan | Collection code | Permanent Location | Current Location | Shelving location | Date acquired | Source of acquisition | Cost, normal purchase price | Total Checkouts | Full call number | Date last seen | Copy number | Koha item type |
|---|---|---|---|---|---|---|---|---|---|---|---|---|---|---|---|
| Dewey Decimal Classification | Not For Loan | Non-fiction | Central Library, University of Rajshahi | Central Library, University of Rajshahi | Reading Room | 07/11/1961 | Dr. A. L.Qurishi | 0.52 | 332.62 ATR 1946 | 22/12/2013 | C-1 | Books |